Estudio químico-farmaceútico de la cicuta (Record no. 158131)

MARC details
000 -LEADER
campo de control de longitud fija 00686nam a2200169 i 4500
001 - NÚMERO DE CONTROL
campo de control 158131
003 - IDENTIFICADOR DE NÚMERO DE CONTROL
campo de control ES-MaACL
005 - FECHA Y HORA DE LA ÚLTIMA TRANSACCIÓN
campo de control 20230906211029.0
008 - DATOS DE LONGITUD FIJA--INFORMACIÓN GENERAL
campo de control de longitud fija 051003s1904 sp | |||||||| ||spa d
040 ## - FUENTE DE CATALOGACIÓN
Centro catalogador/agencia de origen CAM
Lengua de catalogación spa
Centro/agencia transcriptor CAM
100 1# - ENTRADA PRINCIPAL--NOMBRE DE PERSONA
Nombre de persona Losada Castro, Manuel.
9 (RLIN) 74266
245 10 - MENCIÓN DEL TÍTULO
Título Estudio químico-farmaceútico de la cicuta
Resto del título : memoria de investigación práctica presentada para el grado de doctor en Farmacia /
Mención de responsabilidad, etc. por Manuel Losada Castro.
260 ## - PUBLICACIÓN, DISTRIBUCIÓN, ETC.
Lugar de publicación, distribución, etc. Madrid :
Nombre del editor, distribuidor, etc. Imprenta y librería de Micolás Moya,
Fecha de publicación, distribución, etc. 1904.
300 ## - DESCRIPCIÓN FÍSICA
Extensión 37 p. ;
Dimensiones 25 cm.
650 #4 - PUNTO DE ACCESO ADICIONAL DE MATERIA--TÉRMINO DE MATERIA
Término de materia o nombre geográfico como elemento de entrada Cicuta.
9 (RLIN) 135764
852 ## - LOCALIZACIÓN
Ubicación ES-MaACL
Número de control de estantería T-1050-F-14
Nota libre -- Enc. hol., conservando la enc. original
-- -- Enc. en un vol. facticio
Holdings
Estatus retirado Estado de pérdida Estado de daño No para préstamo Colección Biblioteca de origen Biblioteca actual Ubicación en estantería Fecha de adquisición Total de préstamos Signatura topográfica completa Código de barras Visto por última vez Precio de reemplazo Tipo de ítem Koha
        Colección de folletos Biblioteca del Ateneo de Madrid Biblioteca del Ateneo de Madrid Depósito folletos 17/01/2008   T-1050-F-14 1165499 23/02/2023 23/02/2023 Folleto